000 00269nam a2200109Ia 4500
001 1272307
005 20260417151426.0
008 260417s9999 xx 000 0 und d
020 _a9786257587570
245 0 _aKayıp Kitapçı
_cKatie Clapham
260 _bKetebe Çocuk
999 _c1272307
_d1272307